[Event "Agai Sachdeva Memorial"]
[Site "Agra"]
[Date "2024.08.11"]
[Round "8"]
[White "Patil, Abhishek"]
[Black "Wankhade, Sanskruti"]
[Result "1/2-1/2"]
[WhiteElo "1679"]
[BlackElo "1775"]
[PlyCount "74"]
[EventDate "2024.08.09"]
[EventType "swiss"]
[EventRounds "9"]
[EventCountry "IND"]
[SourceTitle "EXT 2025"]
[Source "ChessBase"]
[SourceDate "2024.10.14"]
[SourceVersion "1"]
[SourceVersionDate "2024.10.14"]
[SourceQuality "1"]

1. d4 d5 2. Nf3 Nf6 3. Bf4 c5 4. c3 Nc6 5. e3 Bg4 6. Nbd2 e6 7. Qb3 Qb6 8. Qxb6 axb6 9. Bb5 Nd7 10. Ne5 Ndxe5 11. Bxe5 Kd7 12. f3 Bh5 13. 0-0 f6 14. Bg3 Bd6 15. Bf2 Bf7 16. a3 h5 17. Rfe1 Kc7 18. Rad1 c4 19. Bg3 e5 20. dxe5 Bxe5 21. Bf2 Na7 22. Ba4 b5 23. Bc2 Nc6 24. Nf1 Rad8 25. Ng3 g6 26. Rd2 f5 27. Ne2 Rhe8 28. Bh4 Ra8 29. Red1 Rac8 30. Bg5 Bg7 31. Nf4 Kb6 32. Kf2 Ne7 33. Ne2 Be5 34. Bf4 Nc6 35. Bg5 Bd6 36. h3 Bc5 37. Nd4 Re6 1/2-1/2

[Event "Agai Sachdeva Memorial"]
[Site "Agra"]
[Date "2024.08.11"]
[Round "9"]
[White "Singh Chauhan, Advik"]
[Black "Patil, Abhishek"]
[Result "0-1"]
[WhiteElo "1760"]
[BlackElo "1679"]
[PlyCount "174"]
[EventDate "2024.08.09"]
[EventType "swiss"]
[EventRounds "9"]
[EventCountry "IND"]
[SourceTitle "EXT 2025"]
[Source "ChessBase"]
[SourceDate "2024.10.14"]
[SourceVersion "1"]
[SourceVersionDate "2024.10.14"]
[SourceQuality "1"]

1. e4 c6 2. d4 d5 3. f3 e6 4. Be3 dxe4 5. Nd2 exf3 6. Ngxf3 Nf6 7. Bd3 Be7 8. 0-0 Nd5 9. Qe2 Nxe3 10. Qxe3 Nd7 11. Ne4 Nf6 12. c3 Nxe4 13. Bxe4 Bf6 14. Kh1 h6 15. Ne5 Bxe5 16. dxe5 Qe7 17. Rad1 0-0 18. Qg3 Qg5 19. Qxg5 hxg5 20. g4 a5 21. Rd2 Re8 22. Rdf2 Re7 23. Bg6 f6 24. exf6 gxf6 25. Rxf6 Bd7 26. Be4 Be8 27. R6f3 Rd8 28. Rd3 Rxd3 29. Bxd3 Kg7 30. Kg2 Rd7 31. Rd1 Rd5 32. Kf3 Kf6 33. Bc2 Ke5 34. Ke3 Rxd1 35. Bxd1 Bg6 36. a3 b6 37. b4 c5 38. Bb3 Bb1 39. Bd1 Ba2 40. Ba4 Kd5 41. Bb5 Bb3 42. Be2 Bc2 43. Kd2 Be4 44. Ke3 Bb1 45. Bb5 Bc2 46. Be2 Bb3 47. Ba6 Bd1 48. h3 Bb3 49. Kd3 Ba2 50. Ke3 Bc4 51. Bb7+ Ke5 52. bxa5 bxa5 53. Bg2 Bb5 54. Kf2 Kf4 55. Bb7 e5 56. Bd5 Bd3 57. Bb7 e4 58. Bd5 e3+ 59. Ke1 Kg3 60. Be6 Kxh3 61. Kd1 Kg3 62. Ke1 Kf3 63. Bd7 Kf4 64. Be6 Be4 65. Ke2 Bf3+ 66. Kd3 e2 67. Kd2 Bxg4 68. Bd5 Bf3 69. Bc4 g4 70. Ke1 g3 71. Bxe2 Bxe2 72. Kxe2 Ke4 73. a4 g2 74. Kf2 Kd3 75. Kxg2 Kxc3 76. Kf3 Kd3 77. Kf2 Kd2 78. Kf3 c4 79. Ke4 c3 80. Kd5 c2 81. Kc4 c1Q+ 82. Kb5 Qc3 83. Ka6 Qb4 84. Ka7 Kc3 85. Ka6 Kc4 86. Ka7 Kc5 87. Ka8 Kc6 0-1